Riadenie výkonu PEM palivového článku

Guardado en:
Detalles Bibliográficos
Autor principal: Galovič, Marcel (Autor)
Otros Autores: Ferencey, Viktor (Orientador)
Formato: Manuscrito Libro
Lenguaje:eslovaco
Publicado: 2015
Materias:
Acceso en línea:http://is.stuba.sk/zp/portal_zp.pl?podrobnosti=111783
Etiquetas: Agregar Etiqueta
Sin Etiquetas, Sea el primero en etiquetar este registro!

MARC

LEADER 00000ntm a22000003a 4500
001 stuzp50915
003 SK-STU
005 20160719153714.7
007 ta
008 150427s2015----xo-----f-mn---000-0-slo-d
040 |a STU  |b slo 
041 0 |a slo 
100 1 |a Galovič, Marcel  |u 030400  |4 aut  |U FEI Fakulta elektrotechniky a informatiky  |T FEI Ústav automobilovej mechatroniky  |X 5568  |U E400  |Y 642  |7 A000005568 
242 0 1 |a PEM fuel cell power control  |y eng 
245 1 0 |a Riadenie výkonu PEM palivového článku 
260 |c 2015 
300 |a 117 s., príl.  |b CD-ROM 
650 4 |a PEM fuel cell model  |2 slo 
650 4 |a Matlab Simulink  |2 slo 
650 4 |a infrastruktura riadenia PEM palivoveho clanku  |2 slo 
650 4 |a PEM fuel cell model  |2 eng 
650 4 |a infrastructure of PEM fuel cell power control, Modeling and Simulation of PEM Fuel Cell,  |2 eng 
650 4 |a measurement operational characteristics of PEM fuel cell  |2 eng 
700 1 |a Ferencey, Viktor  |4 ths  |X 2209  |7 2209 
856 4 |u http://is.stuba.sk/zp/portal_zp.pl?podrobnosti=111783 
996 |b 284EP11299  |c E*DIPL- 11299  |l EE30  |s P  |a 0  |w stuzp50915_0001 
SQL |a stuzp50915  |b DDP  |c SLO  |d Riadenie výkonu PEM palivového článku.  |e 5568  |f Galovič, Marcel  |g 030400  |h 2209  |i Ferencey, Viktor  |j 20150617  |k 865  |l 03  |m http://is.stuba.sk/zp/portal_zp.pl?podrobnosti=111783  |n I-APM  |o 5.2.16. mechatronika